000 01256nam a2200325 a 4500
001 000112022
003 CHAP
005 20220329144242.0
008 151118s2015 mx a fsm |||||||spa d
010 _a108483
011 _a109455
040 _cCHAP
090 _aTesis
100 1 _aLópez Segundo, Estela
_9130081
245 1 0 _aExtracción nutrimental en plantas madre de crisantemo (Chsanthemum x hortorum) variedad Harman en condiciones hidropónicas /
_h[En línea]
_cpor Estela López Segundo y Samuel Martínez Alfonso.
260 _aChapingo, Méx. :
_bEl autor,
_c2015.
500 _aPara ver el contenido del material haga clic en la liga
502 _aTesis (Ing. Agr. Esp. en Fitotecnia) -- UACH. Departamento de Fitotecnia
590 _aE11695DGD
_b10
_c20151119
_lUCH01
_h0810
590 _aE6096MTM
_b05
_c20151118
_lUCH01
_h1314
590 _aE6096MTM
_b05
_c20151118
_lUCH01
_h1315
650 1 4 _aCrisantemo
_xCrecimiento
_xEstimulantes.
_9130097
650 1 4 _aCrisantemo
_xPlántulas
_xNutrición.
_9130098
650 1 4 _aCrisantemo
_xRendimiento.
_928966
700 1 _aMartínez Alfonso, Samuel
_9130082
856 _aFinding aid
_uhttp://10.13.5.2/tesis/sist112022.pdf
_zTeclea aquí
901 _aBK
942 _cTESIS
942 _n0
999 _c108483
_d108483